Les 50 Plus Gros Achats De La Juventus - Statistiques

Statistiques générales
  • Ce quiz a été pris 358 fois
    85 depuis la dernière actualisation
  • Le résultat moyen est 26 sur 50
Statistiques - réponses
Joueur Club De Provenance Saison Nationalité Poste Prix du Transfert Ordre % Correct
CristianoRonaldo Real Madrid 18/19 Portugal A 117 000 000 € 1
98%
DusanVlahovic Fiorentina 21/22 Serbie A 83 500 000 € 4
91%
GonzaloHiguain Napoli 16/17 Argentine A 90 000 000 € 2
91%
Matthijs De Ligt Ajax 19/20 Pays Bas D 85 500 000 € 3
89%
GianluigiBuffon Parme 01/02 Italie G 52 880 000 € 8
86%
PauloDybala Palerme 15/16 Argentine A 41 000 000 € 14
86%
TeunKoopmeiners Atalanta 24/25 Pays - Bas M 58 400 000 € 6
80%
DouglasCosta Bayern Munich 17/18 Brésil M/A 46 000 000 € 10
77%
FedericoChiesa Fiorentina 20/21 Italie A 57 200 000 € 7
77%
Bremer Torino 22/23 Brésil D 41 000 000 € 13
75%
DouglasLuiz Aston Villa 24/25 Brésil M 51 500 000 € 9
75%
MiralemPjanic Roma 15/16 Bosnie M 32 000 000 € 24
75%
PavelNedved Lazio 01/02 RépubliqueTchèque M 45 000 000 € 11
72%
KhépremThuram Nice 24/25 France M 20 600 000 € 43
71%
LilianThuram Parme 01/02 France D 36 150 000 € 22
71%
MoiseKean Everton 21/22 Italie A 37 000 000 € 19
69%
FranciscoConceicao Fc Porto 25/26 Portugal A 41 500 000 € 12
68%
JoaoCancelo Valence 18/19 Portugal D 40 400 000 € 15
66%
Danilo Manchester City 19/20 Brésil D 37 000 000 € 18
65%
LeonardoBonucci Milan 18/19 Italie D 35 000 000 € 23
65%
Alvaro Morata Atletico Madrid 20/21 Espagne A 20 000 000 € 44
58%
AlvaroMorata Real Madrid 14/15 Espagne A 20 000 000 € 45
58%
ArthurMelo Barcelone 20/21 Brésil M 80 600 000 € 5
58%
BlaiseMatuidi PSG 17/18 France M 25 000 000 € 33
57%
JuanCuadrado Chelsea 15/16 Colombie D 26 800 000 € 30
57%
WestonMcKennie Schalke 04 20/21 États - Unis M 25 000 000 € 32
57%
MarioMandzukic Atletico Madrid 15/16 Croatie A 19 000 000 € 49
55%
ManuelLocatelli Sassuolo 21/22 Italie M 36 400 000 € 21
52%
MedhiBenatia Bayern 16/17 Maroc D 19 700 000 € 47
52%
NicoGonzalez Fiorentina 24/25 Argentine A 36 500 000 € 20
52%
AlexSandro Porto 15/16 Brésil D 28 000 000 € 27
48%
DejanKulusevski Atalanta 19/20 Suède A 39 000 000 € 17
46%
PatrickVieira Arsenal 05/06 France M 20 000 000 € 46
45%
MerihDemiral Sassuolo 19/20 Turquie D 19 500 000 € 48
43%
RodrigoBentancur Boca Juniors 17/18 Uruguay M 21 700 000 € 39
42%
FedericoBernardeschi Fiorentina 17/18 Italie A 40 000 000 € 16
40%
DavidTrézéguet Monaco 00/01 France A 23 240 000 € 36
38%
MarkoPjaca DinamoZagreb 16/17 Croatie A 29 400 000 € 26
38%
LloydKelly Newcastle 25/26 Angleterre D 21 000 000 € 41
34%
Felipe Melo Fiorentina 09/10 Brésil M 25 000 000 € 34
32%
Diego Werder Breme 09/10 Brésil M 27 000 000 € 29
31%
CristianRomero Genoa 19/20 Argentine D 31 500 000 € 25
18%
MattiaCaldara Atalanta 16/17 Italie D 19 000 000 € 50
18%
GianlucaVialli Sampdoria 92/93 Italie A 20 600 000 € 42
14%
Émerson Roma 04/05 Brésil M 28 000 000 € 28
11%
Amauri Palerme 08/09 Italie A 22 800 000 € 37
9%
MarceloSalas Lazio 01/02 Chili A 25 000 000 € 35
5%
MarcoDi Vaio Parma 02/03 Italie A 21 000 000 € 40
5%
NicolòRovella Genoa 20/21 Italie M 26 000 000 € 31
5%
LucaPellegrini Roma 19/20 Italie D 22 000 000 € 38
2%
Aucun quiz correspondant
Distribution des résultats
% des personnes avec chaque résultat
Percentile par nombre de réponses
Votre historique - résultats
Vous n’avez pas pris ce quiz depuis la dernière actualisation